000 00727cam a22002291 4500
001 BD-DhSAU 5448
003 BD-DhSAU
005 20150415160023.0
008 750724s1960 nyua 001 0 eng
040 _aBD-DhSAU
082 _a575.46
_222
_bHOM
100 1 _aHoltrop, William F.
245 1 0 _aModern machine woodworking /
_cby William F. Holtrop [and] Herman Hjorth.
250 _a[Rev. ed.]
260 _aMilwaukee :
_bBruce Pub. Co. ,
_cc1960.
300 _axii, 280 p.:
_bill. ;
_c26 cm.
500 _aFirst ed. by Herman Hjorth, published in 1937 under title: Machine woodworking.
504 _aIncludes bibliography and index
590 _aIMRAN
650 0 _aWoodworking machinery.
700 1 _aHjorth, Herman
942 _2ddc
_cBOOK
999 _c5448
_d5448